书目信息 |
| 题名: |
定性分析
|
|
| 作者: | 沙皮罗 著 ;董维宪 译 | |
| 分册: | ||
| 出版信息: | 北京 商务印书馆 1956.11 |
|
| 页数: | 264页 | |
| 开本: | 19cm | |
| 丛书名: | ||
| 单 册: | ||
| 中图分类: | O654 | |
| 科图分类: | ||
| 主题词: | 分析化学 , 分析(化学) | |
| 电子资源: | ||
| ISBN: | ||
| 000 | 00600nam0 2200229 45 | |
| 001 | 0405191559 | |
| 005 | 20040519160450.2 | |
| 010 | @dCNY0.85 | |
| 091 | @a13017.72 | |
| 100 | @a20040519d1956 km y0chiy0120 ea | |
| 101 | 0 | @achi |
| 105 | @a z 000yy | |
| 200 | 1 | @a定性分析@ADing Xing Fen Xi@f沙皮罗著@FSha Pi Luo Zhu@g董维宪等译 |
| 210 | @a北京@c商务印书馆@d1956.11 | |
| 215 | @a264页@d19cm | |
| 606 | 0 | @a分析化学 |
| 606 | 0 | @a分析(化学) |
| 690 | @aO654@v3 | |
| 701 | 0 | @a沙皮罗@4著 |
| 702 | 0 | @a董维宪@ADong Wei Xian@4译 |
| 801 | @aCN@bPftUser@c20040519 | |
| 905 | @dO654@e3@f1@b13401 | |
| 定性分析/沙皮罗著/董维宪等译.-北京:商务印书馆,1956.11 |
| 264页;19cm |
| ISBN :CNY0.85 |
| ● |
| 相关链接 |
|
|
|
|
正题名:定性分析
索取号:O654/3
 
预约/预借
| 序号 | 登录号 | 条形码 | 馆藏地/架位号 | 状态 | 备注 |
| 1 | 0013401 | 000632408 | 第二样本阅览室/ [索取号:O654/3] | 在馆 |